Tate McRae - Chansons par ordre alphabétique - Statistiques

Statistiques générales
  • Ce quiz a été pris 64 fois
    38 depuis la dernière actualisation
  • Le résultat moyen est 34 sur 76
Statistiques - réponses
Réponse % Correct
Chiffre 2 hands
84%
E Exes
84%
S Sports car
76%
G Greedy
68%
I It's ok I'm ok
68%
M Miss Possessive
68%
P Purple lace bra
68%
R Revolving door
68%
A Anything but Love
64%
B bloodonmyhands (feat. Flo Milli)
64%
D Dear god
64%
I I know love (feat. The Kid LAROI)
64%
R Run for the Hills
64%
H Horseshoe
60%
J Just Keep Watching
60%
L Like I do
60%
N No I'm not in love
60%
Y You Broke Me First
60%
C Calgary
56%
C Chaotic
56%
C Cut My Hair
56%
F Feel Like Shit
56%
G Greenlight
56%
N Nobody's Girl
56%
S She's All I Wanna Be
56%
S Siren sounds
56%
T Tit for Tat
56%
G Grave
52%
M Means I care
52%
N Nostalgia
52%
T Think Later
52%
T Trying on Shoes
52%
W We're Not Alike
52%
S Signs
48%
A All My Friends Are Fake
44%
Ponctuation ?(point d'interrogation)
44%
H Hurt My Feelings
44%
R Rubberband
44%
U uh oh
44%
W What's Your Problem?
44%
W What Would You Do?
44%
D Don't Come Back
40%
G Go Away
40%
G Guilty Conscience
40%
H Hate Myself
40%
O One Day
40%
T That Way
40%
B Bad Ones
36%
I I Still Say Goodnight
36%
L lie to me (feat. Ali Gatie)
36%
M Messier
36%
R R U OK
36%
S Slower
36%
S Stupid
36%
V vicious
36%
W Wish I Loved You in the 90s
36%
B Boy X
32%
I I'm So Gone
32%
P Plastic Palm Trees
32%
S Slip
32%
W Want That Too
32%
Y You're So Cool
32%
D Drown
28%
H Happy Face
28%
S Stay Done
28%
T Tear Myself Apart
28%
W working (feat. Khalid)
28%
K Kids are Alright
24%
S Shoulder to Shoulder
24%
T Teenage Mind
24%
C Can't Get It Out
20%
H Hard to Find
20%
H Hung Up On You
20%
D Distant
16%
D Darkest Hour
12%
D don't be sad
12%
Aucun quiz correspondant
Distribution des résultats
% des personnes avec chaque résultat
Percentile par nombre de réponses
Votre historique - résultats
Vous n’avez pas pris ce quiz depuis la dernière actualisation